El Filibusterismo : (Record no. 25565)
[ view plain ]
| 000 -LEADER | |
|---|---|
| fixed length control field | 00497nam a22001697a 4500 |
| 005 - DATE AND TIME OF LATEST TRANSACTION | |
| control field | 20140310183629.0 |
| 008 - FIXED-LENGTH DATA ELEMENTS--GENERAL INFORMATION | |
| fixed length control field | 131115b xxu||||| |||| 00| 0 eng d |
| 020 ## - INTERNATIONAL STANDARD BOOK NUMBER | |
| International Standard Book Number | 9789710727186 |
| 050 ## - LIBRARY OF CONGRESS CALL NUMBER | |
| Classification number | DS 675.8 |
| Item number | .R627 2011 |
| 082 ## - DEWEY DECIMAL CLASSIFICATION NUMBER | |
| Classification number | FIL 809.83 |
| Item number | R52 1999 |
| 100 ## - MAIN ENTRY--PERSONAL NAME | |
| Personal name | Rizal, Jose |
| 245 ## - TITLE STATEMENT | |
| Title | El Filibusterismo : |
| Remainder of title | Alab ng Lahi / |
| Statement of responsibility, etc | Dr. Jose Rizal |
| 260 ## - PUBLICATION, DISTRIBUTION, ETC. (IMPRINT) | |
| Place of publication, distribution, etc | Quezon City : |
| Name of publisher, distributor, etc | Vibal Publishing House, Inc., |
| Date of publication, distribution, etc | 2011. |
| 300 ## - PHYSICAL DESCRIPTION | |
| Extent | 266 p. : |
| Other physical details | col. ill. ; |
| Dimensions | 26 cm. |
| 942 ## - ADDED ENTRY ELEMENTS (KOHA) | |
| Source of classification or shelving scheme | Library of Congress Classification |
| Koha item type | Books |
| Withdrawn status | Lost status | Source of classification or shelving scheme | Damaged status | Home library | Current library | Shelving location | Date acquired | Total Checkouts | Full call number | Barcode | Date last seen | Date checked out | Copy number | Price effective from | Koha item type | Sub Shelving location | Source of acquisition |
|---|---|---|---|---|---|---|---|---|---|---|---|---|---|---|---|---|---|
| Library of Congress Classification | Luxembourg Library | Luxembourg Library | Filipiniana Section | 11/15/2013 | 1 | DS 675.8 .R627 2011 | 19584 | 04/15/2015 | 02/03/2015 | 1 | 11/15/2013 | Books | |||||
| Library of Congress Classification | Luxembourg Library | Luxembourg Library | Filipiniana Section | 04/24/2014 | 3 | DS 675.8 .R627 2011 | 19585 | 02/17/2016 | 02/12/2016 | 2 | 04/24/2014 | Books | |||||
| Library of Congress Classification | Luxembourg Library | Luxembourg Library | Filipiniana Section | 10/09/2018 | DS 675.8 .R627 2011 | 20605 | 10/09/2018 | 10/09/2018 | Books | Library Fund |